| 000 | 00644nam a2200217Ia 4500 | ||
|---|---|---|---|
| 003 | GCL | ||
| 008 | 140319s9999 xx 000 0 ara d | ||
| 040 |
_aGCL / _cGCL |
||
| 082 | 0 | 4 |
_a964.094 _bف ا |
| 100 | 1 | _aفايز ساره | |
| 245 | 1 | 0 |
_aالاحزاب والقوى السياسية فى المغرب / _cفايز ساره |
| 260 |
_a[S.N] : _bرياض الريس للكتب والنشر |
||
| 300 | _a205 ص | ||
| 490 | _a | ||
| 650 | 0 | 4 | _aالعصر الحديث |
| 650 | 0 | 4 | _aتاريخ |
| 650 | 0 | 4 | _aالاحوال السياسية |
| 650 | 0 | 4 | _aالمغرب |
| 650 | 0 | 4 | _aالاحزاب السياسية |
| 942 |
_2ddc _cBK |
||
| 999 |
_c55067 _d55067 |
||